[Event "2023 National K-12 Grade Championships"]
[Site "Orlando, Florida, United States"]
[Date "2023.12.17"]
[Round "7.18"]
[White "Qian, Bobby"]
[Black "Javeri, Arhan"]
[Result "1-0"]
[TimeControl "G/90;d10"]
[WhiteElo "2131"]
[BlackElo "1854"]

1. e4 {[%clk 01:30:00]} {[%emt 00:00:01]} c6 {[%emt 00:00:06]} 2. d4 {[%clk
01:30:00]} {[%emt 00:00:01]} d5 {[%clk 01:30:00]} {[%emt 00:00:08]} 3. Nc3
{[%clk 01:30:00]} {[%emt 00:00:03]} dxe4 {[%clk 01:29:52]} {[%emt 00:00:18]} 4.
Nxe4 {[%clk 01:30:00]} {[%emt 00:00:05]} Bf5 {[%clk 01:29:52]} {[%emt
00:00:03]} 5. Ng3 {[%clk 01:30:00]} {[%emt 00:00:06]} Bg6 {[%clk 01:29:52]}
{[%emt 00:00:06]} 6. h4 {[%clk 01:30:00]} {[%emt 00:00:07]} h6 {[%clk
01:29:52]} {[%emt 00:00:05]} 7. Nf3 {[%clk 01:29:59]} {[%emt 00:00:11]} Nf6
{[%clk 01:29:31]} {[%emt 00:00:32]} 8. Ne5 {[%clk 01:27:53]} {[%emt 00:02:16]}
Bh7 {[%clk 01:29:31]} {[%emt 00:00:09]} 9. c3 {[%clk 01:25:13]} {[%emt
00:02:51]} e6 {[%clk 01:26:52]} {[%emt 00:02:49]} 10. Bd3 {[%clk 01:21:21]}
{[%emt 00:04:02]} Bxd3 {[%clk 01:24:32]} {[%emt 00:02:29]} 11. Qxd3 {[%clk
01:21:21]} {[%emt 00:00:05]} Bd6 {[%clk 01:20:25]} {[%emt 00:04:17]} 12. f4
{[%clk 01:18:34]} {[%emt 00:02:57]} Qc7 {[%clk 01:16:14]} {[%emt 00:04:21]} 13.
Bd2 {[%clk 01:14:54]} {[%emt 00:03:51]} Nbd7 {[%clk 01:10:30]} {[%emt
00:05:54]} 14. O-O-O {[%clk 01:10:38]} {[%emt 00:04:26]} c5 {[%clk 01:05:44]}
{[%emt 00:04:56]} 15. Kb1 {[%clk 01:06:51]} {[%emt 00:03:57]} Rf8 {[%clk
01:01:03]} {[%emt 00:04:50]} 16. Rhe1 {[%clk 01:05:40]} {[%emt 00:01:22]} O-O-O
{[%clk 00:59:07]} {[%emt 00:02:04]} 17. Qf3 {[%clk 00:49:56]} {[%emt 00:15:55]}
Kb8 {[%clk 00:53:07]} {[%emt 00:06:10]} 18. Nc4 {[%clk 00:44:34]} {[%emt
00:05:33]} Be7 {[%clk 00:44:30]} {[%emt 00:08:46]} 19. f5 {[%clk 00:39:26]}
{[%emt 00:05:19]} Nd5 {[%clk 00:39:25]} {[%emt 00:05:09]} 20. Ne3 {[%clk
00:35:21]} {[%emt 00:04:21]} N7b6 {[%clk 00:33:17]} {[%emt 00:06:16]} 21. Nxd5
{[%clk 00:33:39]} {[%emt 00:01:53]} exd5 {[%clk 00:28:36]} {[%emt 00:04:51]} 22.
dxc5 {[%clk 00:33:15]} {[%emt 00:00:35]} Bxc5 {[%clk 00:27:54]} {[%emt
00:00:52]} 23. Bf4 {[%clk 00:30:37]} {[%emt 00:02:47]} Bd6 {[%clk 00:27:45]}
{[%emt 00:00:19]} 24. Bxd6 {[%clk 00:30:27]} {[%emt 00:00:21]} Qxd6 {[%clk
00:26:10]} {[%emt 00:01:45]} 25. Ne2 {[%clk 00:29:12]} {[%emt 00:01:25]} Rfe8
{[%clk 00:22:03]} {[%emt 00:04:18]} 26. Nd4 {[%clk 00:28:48]} {[%emt 00:00:33]}
Rxe1 {[%clk 00:18:40]} {[%emt 00:03:33]} 27. Rxe1 {[%clk 00:28:48]} {[%emt
00:00:05]} a6 {[%clk 00:18:29]} {[%emt 00:00:21]} 28. Qe3 {[%clk 00:25:50]}
{[%emt 00:03:08]} Rd7 {[%clk 00:14:41]} {[%emt 00:03:58]} 29. Nb3 {[%clk
00:21:34]} {[%emt 00:04:26]} Rc7 {[%clk 00:10:59]} {[%emt 00:03:50]} 30. Qd4
{[%clk 00:16:32]} {[%emt 00:05:13]} g6 {[%clk 00:08:40]} {[%emt 00:02:29]} 31.
Qh8+ {[%clk 00:12:08]} {[%emt 00:04:34]} Ka7 {[%clk 00:08:33]} {[%emt
00:00:18]} 32. Qe5 {[%clk 00:09:11]} {[%emt 00:03:06]} Qd7 {[%clk 00:05:39]}
{[%emt 00:03:04]} 33. Nd4 {[%clk 00:06:41]} {[%emt 00:02:40]} Nc4 {[%clk
00:05:11]} {[%emt 00:00:39]} 34. Qe8 {[%clk 00:05:39]} {[%emt 00:01:11]} Qd6
{[%clk 00:05:01]} {[%emt 00:00:20]} 35. Ka1 {[%clk 00:03:57]} {[%emt 00:01:53]}
Qb6 {[%clk 00:04:07]} {[%emt 00:01:02]} 36. Qe2 {[%clk 00:03:40]} {[%emt
00:00:27]} Re7 {[%clk 00:04:07]} {[%emt 00:00:09]} 37. Nc6+ {[%clk 00:03:12]}
{[%emt 00:00:38]} Qxc6 {[%clk 00:03:42]} {[%emt 00:00:36]} 38. Qxe7 {[%clk
00:03:12]} {[%emt 00:00:02]} Qb6 {[%clk 00:03:42]} {[%emt 00:00:09]} 39. b3
{[%clk 00:02:48]} {[%emt 00:00:33]} Nd6 {[%clk 00:03:42]} {[%emt 00:00:08]} 40.
fxg6 {[%clk 00:02:43]} {[%emt 00:00:15]} fxg6 {[%emt 00:00:36]} 41. Qe3 {[%clk
00:02:43]} {[%emt 00:00:04]} Nf5 {[%clk 00:03:16]} {[%emt 00:00:08]} 42. Qxb6+
{[%clk 00:02:43]} {[%emt 00:00:04]} Kxb6 {[%clk 00:03:16]} 43. Re6+ {[%emt
00:00:02]} Kc5 {[%emt 00:00:01]} 44. Rxg6 {[%clk 00:02:30]} {[%emt 00:00:23]}
Nxh4 {[%clk 00:03:16]} 45. Rxh6 {[%clk 00:02:30]} {[%emt 00:00:07]} Nxg2 {[%clk
00:03:16]} {[%emt 00:00:02]} 46. Kb2 {[%clk 00:02:30]} {[%emt 00:00:06]} a5
{[%clk 00:02:32]} {[%emt 00:00:54]} 47. Kc2 {[%clk 00:02:24]} {[%emt 00:00:16]}
Nf4 {[%clk 00:02:19]} {[%emt 00:00:23]} 48. Rf6 {[%clk 00:02:15]} {[%emt
00:00:20]} Nh5 {[%clk 00:01:51]} {[%emt 00:00:37]} 49. Rf5 {[%clk 00:02:15]}
{[%emt 00:00:10]} Ng3 {[%clk 00:01:07]} {[%emt 00:00:53]} 50. Rf7 {[%clk
00:02:02]} {[%emt 00:00:23]} b5 {[%clk 00:01:01]} {[%emt 00:00:16]} 51. Kd3
{[%clk 00:01:59]} {[%emt 00:00:13]} Ne4 {[%clk 00:00:33]} {[%emt 00:00:40]} 52.
Rf5 {[%clk 00:01:42]} {[%emt 00:00:26]} Nd6 {[%clk 00:00:33]} {[%emt 00:00:10]}
53. Rh5 {[%clk 00:01:26]} {[%emt 00:00:25]} Kc6 {[%clk 00:00:04]} {[%emt
00:00:39]} 54. Kd4 {[%clk 00:01:26]} {[%emt 00:00:08]} b4 {[%clk 00:00:04]}
{[%emt 00:00:06]} 55. Rxd5 {[%clk 00:01:20]} {[%emt 00:00:16]} bxc3 {[%clk
00:00:04]} {[%emt 00:00:05]} 56. Rxa5 {[%clk 00:00:42]} {[%emt 00:00:48]} Nb5+
{[%clk 00:00:02]} {[%emt 00:00:11]} 57. Rxb5 {[%clk 00:00:42]} {[%emt
00:00:06]} Kxb5 {[%clk 00:00:02]} 58. Kxc3 {[%emt 00:00:03]} Kc5 59. a4 {[%clk
00:00:42]} {[%emt 00:00:02]} Kb6 {[%clk 00:00:02]} {[%emt 00:00:02]} 60. b4
{[%clk 00:00:42]} Kc6 {[%clk 00:00:02]} 61. Kc4 {[%emt 00:00:03]} Kb6 62. a5+
{[%clk 00:00:42]} {[%emt 00:00:01]} Ka6 {[%clk 00:00:02]} {[%emt 00:00:02]} 63.
Kc5 {[%clk 00:00:42]} Kb7 {[%clk 00:00:02]} {[%emt 00:00:01]} 64. b5 {[%clk
00:00:42]} Ka7 {[%clk 00:00:02]} {[%emt 00:00:02]} 65. a6 {[%clk 00:00:42]} Kb8
{[%clk 00:00:02]} 66. b6 {[%clk 00:00:42]} {[%emt 00:00:03]} Ka8 {[%clk
00:00:02]} 67. Kc6 {[%clk 00:00:42]} {[%emt 00:00:02]} Kb8 {[%clk 00:00:02]}
{[%emt 00:00:02]} 68. b7 {[%clk 00:00:40]} {[%emt 00:00:12]} Ka7 {[%clk
00:00:02]} 69. Kc7 {[%clk 00:00:40]} {[%emt 00:00:02]} Kxa6 {[%clk 00:00:02]}
{[%emt 00:00:02]} 70. b8=Q {[%clk 00:00:40]} {[%emt 00:00:02]} Ka5 {[%clk
00:00:02]} {[%emt 00:00:02]} 71. Qb3 {[%clk 00:00:40]} {[%emt 00:00:04]} 1-0

[Event "2023 National K-12 Grade Championships"]
[Site "Orlando, Florida, United States"]
[Date "2023.12.17"]
[Round "7.19"]
[White "Wang, Kyle Y"]
[Black "Ji, Yuze Luke"]
[Result "1-0"]
[TimeControl "G/90;d10"]
[WhiteElo "2078"]
[BlackElo "1952"]

1. e4 {[%clk 01:27:58]} {[%emt 00:02:11]} c5 {[%clk 01:29:45]} {[%emt
00:00:26]} 2. Nf3 {[%clk 01:27:41]} {[%emt 00:00:27]} d6 {[%clk 01:29:44]}
{[%emt 00:00:12]} 3. d4 {[%clk 01:27:41]} {[%emt 00:00:06]} cxd4 {[%clk
01:29:39]} {[%emt 00:00:15]} 4. Nxd4 {[%clk 01:27:41]} {[%emt 00:00:06]} Nf6
{[%clk 01:29:38]} {[%emt 00:00:11]} 5. Nc3 {[%clk 01:27:41]} {[%emt 00:00:05]}
a6 {[%clk 01:29:38]} {[%emt 00:00:09]} 6. Bg5 {[%clk 01:27:41]} {[%emt
00:00:04]} Nbd7 {[%clk 01:29:38]} {[%emt 00:00:07]} 7. Bc4 {[%clk 01:27:36]}
{[%emt 00:00:15]} b5 {[%clk 01:25:36]} {[%emt 00:04:12]} 8. Bd5 {[%clk
01:27:00]} {[%emt 00:00:45]} Nxd5 {[%emt 00:01:45]} 9. Nxd5 {[%clk 01:26:59]}
{[%emt 00:00:09]} Bb7 {[%clk 01:23:47]} {[%emt 00:00:27]} 10. O-O {[%clk
01:25:24]} {[%emt 00:01:44]} h6 {[%clk 01:17:09]} {[%emt 00:06:48]} 11. Ne6
{[%clk 01:24:24]} {[%emt 00:01:10]} Bxd5 {[%clk 01:11:43]} {[%emt 00:05:36]} 12.
Nxd8 {[%clk 01:24:24]} {[%emt 00:00:08]} hxg5 {[%clk 01:11:43]} {[%emt
00:00:07]} 13. Qxd5 {[%clk 01:24:05]} {[%emt 00:00:29]} Rxd8 {[%clk 01:11:43]}
{[%emt 00:00:06]} 14. Qc6 {[%clk 01:23:44]} {[%emt 00:00:29]} e5 {[%clk
01:11:11]} {[%emt 00:00:43]} 15. Qxa6 {[%clk 01:23:43]} {[%emt 00:00:12]} Be7
{[%clk 01:11:02]} {[%emt 00:00:19]} 16. Qxb5 {[%clk 01:23:42]} {[%emt
00:00:11]} g4 {[%clk 01:10:57]} {[%emt 00:00:16]} 17. a4 {[%clk 01:23:31]}
{[%emt 00:00:20]} g3 {[%clk 01:10:55]} {[%emt 00:00:12]} 18. fxg3 {[%clk
01:22:59]} {[%emt 00:00:41]} f6 {[%clk 01:10:43]} {[%emt 00:00:22]} 19. a5
{[%clk 01:22:55]} {[%emt 00:00:15]} d5 {[%clk 01:09:19]} {[%emt 00:01:34]} 20.
a6 {[%clk 01:22:07]} {[%emt 00:00:58]} Bc5+ {[%clk 01:06:13]} {[%emt 00:03:16]}
21. Kh1 {[%clk 01:22:04]} {[%emt 00:00:12]} Ra8 {[%clk 01:06:09]} {[%emt
00:00:14]} 22. exd5 {[%clk 01:21:34]} {[%emt 00:00:41]} e4 {[%clk 01:05:41]}
{[%emt 00:00:38]} 23. h3 {[%clk 01:21:11]} {[%emt 00:00:32]} Ke7 {[%clk
01:04:47]} {[%emt 00:01:05]} 24. b4 {[%clk 01:18:48]} {[%emt 00:02:33]} Bd4
{[%clk 01:04:47]} {[%emt 00:00:10]} 25. Rad1 {[%clk 01:18:41]} {[%emt
00:00:15]} Rab8 {[%clk 01:04:40]} {[%emt 00:00:18]} 26. Qxb8 {[%clk 01:18:27]}
{[%emt 00:00:24]} Nxb8 {[%clk 01:04:35]} {[%emt 00:00:15]} 27. Rxd4 {[%clk
01:18:27]} {[%emt 00:00:06]} Nxa6 {[%clk 01:04:29]} {[%emt 00:00:16]} 28. Rxe4+
{[%emt 00:00:13]} Kd7 {[%clk 01:04:27]} {[%emt 00:00:03]} 29. Ra1 {[%clk
01:18:27]} {[%emt 00:00:05]} Nc7 {[%clk 01:04:26]} {[%emt 00:00:12]} 30. c4
{[%clk 01:18:27]} {[%emt 00:00:09]} f5 {[%clk 01:04:26]} {[%emt 00:00:08]} 31.
Re5 {[%clk 01:18:25]} {[%emt 00:00:11]} g5 {[%clk 01:04:10]} {[%emt 00:00:27]}
32. c5 {[%clk 01:18:17]} {[%emt 00:00:17]} f4 {[%clk 01:04:02]} {[%emt
00:00:18]} 33. gxf4 {[%clk 01:18:17]} {[%emt 00:00:07]} g4 {[%clk 01:03:52]}
{[%emt 00:00:20]} 34. d6 {[%clk 01:18:17]} {[%emt 00:00:07]} Nb5 {[%clk
01:03:52]} {[%emt 00:00:07]} 35. Ra6 {[%clk 01:18:13]} {[%emt 00:00:14]} g3
{[%clk 01:03:50]} {[%emt 00:00:13]} 36. Re7+ {[%clk 01:18:13]} {[%emt
00:00:05]} 1-0

[Event "2023 National K-12 Grade Championships"]
[Site "Orlando, Florida, United States"]
[Date "2023.12.17"]
[Round "7.20"]
[White "Anandh, Vijay Srinivas"]
[Black "Wang, Connor"]
[Result "1-0"]
[TimeControl "G/90;d10"]
[WhiteElo "2029"]
[BlackElo "1893"]

1. e4 {[%clk 01:30:00]} {[%emt 00:00:01]} c5 {[%clk 01:30:00]} {[%emt
00:00:04]} 2. Nf3 {[%clk 01:30:00]} {[%emt 00:00:07]} e6 {[%clk 01:30:00]}
{[%emt 00:00:04]} 3. d4 {[%clk 01:30:00]} {[%emt 00:00:07]} cxd4 {[%clk
01:30:00]} {[%emt 00:00:04]} 4. Nxd4 {[%clk 01:29:49]} {[%emt 00:00:21]} a6
{[%clk 01:30:00]} {[%emt 00:00:06]} 5. a3 {[%clk 01:28:38]} {[%emt 00:01:21]}
Qc7 {[%clk 01:29:46]} {[%emt 00:00:23]} 6. Be3 {[%clk 01:28:07]} {[%emt
00:00:42]} Nf6 {[%clk 01:27:50]} {[%emt 00:02:06]} 7. Nc3 {[%clk 01:26:53]}
{[%emt 00:01:24]} b5 {[%clk 01:24:40]} {[%emt 00:03:20]} 8. Be2 {[%clk
01:25:32]} {[%emt 00:01:31]} Bb7 {[%clk 01:24:24]} {[%emt 00:00:27]} 9. f3
{[%clk 01:25:03]} {[%emt 00:00:38]} Be7 {[%clk 01:23:56]} {[%emt 00:00:38]} 10.
O-O {[%clk 01:22:54]} {[%emt 00:02:19]} O-O {[%clk 01:23:32]} {[%emt 00:00:34]}
11. Qd2 {[%clk 01:21:28]} {[%emt 00:01:35]} d6 {[%clk 01:21:16]} {[%emt
00:02:27]} 12. Rad1 {[%clk 01:19:45]} {[%emt 00:01:53]} Nbd7 {[%clk 01:20:54]}
{[%emt 00:00:32]} 13. Qe1 {[%clk 01:17:44]} {[%emt 00:02:11]} Rac8 {[%clk
01:17:00]} {[%emt 00:04:04]} 14. Qg3 {[%clk 01:13:51]} {[%emt 00:04:04]} Kh8
{[%clk 01:06:07]} {[%emt 00:11:03]} 15. Kh1 {[%clk 01:13:17]} {[%emt 00:00:43]}
Nb6 {[%clk 01:01:15]} {[%emt 00:05:02]} 16. Qf2 {[%clk 01:08:08]} {[%emt
00:05:19]} Nbd7 {[%clk 00:57:27]} {[%emt 00:03:58]} 17. Nb3 {[%clk 01:02:04]}
{[%emt 00:06:13]} Nc5 {[%clk 00:52:31]} {[%emt 00:05:06]} 18. Nd4 {[%clk
01:00:29]} {[%emt 00:01:46]} Rfe8 {[%clk 00:44:38]} {[%emt 00:08:03]} 19. g4
{[%clk 00:49:02]} {[%emt 00:11:37]} h6 {[%clk 00:33:05]} {[%emt 00:11:42]} 20.
Qg3 {[%clk 00:46:51]} {[%emt 00:02:22]} g5 {[%clk 00:25:24]} {[%emt 00:07:51]}
21. h4 {[%clk 00:39:08]} {[%emt 00:07:54]} Kg7 {[%clk 00:24:59]} {[%emt
00:00:34]} 22. Kg2 {[%clk 00:37:07]} {[%emt 00:02:12]} Rh8 {[%clk 00:21:03]}
{[%emt 00:04:06]} 23. Rh1 {[%clk 00:34:35]} {[%emt 00:02:41]} Rcg8 {[%clk
00:14:18]} {[%emt 00:06:55]} 24. hxg5 {[%clk 00:33:03]} {[%emt 00:01:42]} hxg5
{[%clk 00:14:18]} {[%emt 00:00:09]} 25. Bd3 {[%clk 00:31:46]} {[%emt 00:01:27]}
Rxh1 {[%clk 00:10:22]} {[%emt 00:04:06]} 26. Rxh1 {[%clk 00:31:44]} {[%emt
00:00:11]} Kf8 {[%clk 00:10:11]} {[%emt 00:00:20]} 27. Qh2 {[%clk 00:30:36]}
{[%emt 00:01:18]} Ke8 {[%clk 00:08:53]} {[%emt 00:01:29]} 28. Nde2 {[%clk
00:27:43]} {[%emt 00:03:03]} Kd7 {[%clk 00:07:43]} {[%emt 00:01:20]} 29. b4
{[%clk 00:24:06]} {[%emt 00:03:47]} Nxd3 {[%clk 00:07:30]} {[%emt 00:00:22]} 30.
cxd3 {[%clk 00:24:06]} {[%emt 00:00:01]} d5 {[%clk 00:06:19]} {[%emt 00:01:20]}
31. Qxc7+ Kxc7 {[%clk 00:06:19]} 32. Bd4 {[%clk 00:20:46]} {[%emt 00:00:14]}
dxe4 {[%clk 00:05:18]} {[%emt 00:01:10]} 33. dxe4 {[%clk 00:19:24]} {[%emt
00:01:33]} Kb8 {[%clk 00:05:06]} {[%emt 00:00:23]} 34. Rh6 {[%clk 00:18:52]}
{[%emt 00:00:42]} Nd7 {[%clk 00:04:45]} {[%emt 00:00:32]} 35. Rh7 {[%clk
00:18:37]} {[%emt 00:00:25]} Rf8 {[%clk 00:04:45]} {[%emt 00:00:04]} 36. Bg7
{[%clk 00:17:34]} {[%emt 00:01:12]} Rg8 {[%clk 00:04:03]} {[%emt 00:00:52]} 37.
Bd4 {[%clk 00:16:27]} {[%emt 00:01:16]} Rf8 {[%clk 00:04:03]} {[%emt 00:00:02]}
38. Ng1 {[%clk 00:15:03]} {[%emt 00:01:34]} Kc7 {[%clk 00:03:39]} {[%emt
00:00:35]} 39. Nh3 {[%clk 00:14:07]} {[%emt 00:01:05]} e5 {[%clk 00:03:27]}
{[%emt 00:00:22]} 40. Be3 {[%clk 00:13:44]} {[%emt 00:00:33]} Nf6 {[%clk
00:02:48]} {[%emt 00:00:50]} 41. Rg7 {[%clk 00:13:04]} {[%emt 00:00:50]} Ne8
{[%clk 00:02:43]} {[%emt 00:00:15]} 42. Rh7 {[%clk 00:11:53]} {[%emt 00:01:20]}
Nf6 {[%clk 00:02:43]} {[%emt 00:00:07]} 43. Rh6 {[%clk 00:11:00]} {[%emt
00:01:02]} Rg8 {[%clk 00:01:51]} {[%emt 00:01:03]} 44. Ne2 {[%clk 00:09:34]}
{[%emt 00:01:37]} Kd7 {[%clk 00:01:23]} {[%emt 00:00:37]} 45. Ng3 {[%clk
00:08:46]} {[%emt 00:00:58]} Ne8 {[%clk 00:01:23]} {[%emt 00:00:03]} 46. Nf5
{[%clk 00:08:37]} {[%emt 00:00:18]} Bd8 {[%clk 00:01:02]} {[%emt 00:00:31]} 47.
Rh7 {[%clk 00:08:09]} {[%emt 00:00:37]} Ke6 {[%clk 00:01:02]} {[%emt 00:00:08]}
48. Nh6 {[%clk 00:06:59]} {[%emt 00:01:20]} Nd6 {[%clk 00:00:49]} {[%emt
00:00:25]} 49. Nxg8 {[%clk 00:06:57]} {[%emt 00:00:11]} Nxe4 {[%clk 00:00:49]}
{[%emt 00:00:07]} 50. Rh6+ {[%clk 00:06:52]} {[%emt 00:00:16]} Nf6 {[%clk
00:00:49]} {[%emt 00:00:02]} 51. Nxf6 {[%clk 00:06:52]} {[%emt 00:00:08]} Bxf6
{[%clk 00:00:49]} {[%emt 00:00:02]} 52. Bxg5 {[%clk 00:06:52]} {[%emt
00:00:08]} e4 {[%clk 00:00:49]} 53. Rxf6+ {[%clk 00:06:52]} {[%emt 00:00:09]}
Ke5 {[%clk 00:00:49]} {[%emt 00:00:02]} 54. fxe4 {[%clk 00:06:37]} {[%emt
00:00:25]} Bxe4+ {[%clk 00:00:49]} {[%emt 00:00:02]} 55. Kf2 {[%clk 00:06:37]}
{[%emt 00:00:09]} Bd5 {[%clk 00:00:49]} {[%emt 00:00:03]} 56. Rf5+ {[%clk
00:06:18]} {[%emt 00:00:27]} Kd4 {[%clk 00:00:44]} {[%emt 00:00:10]} 57. Be3+
{[%clk 00:06:09]} {[%emt 00:00:22]} Kc4 {[%clk 00:00:44]} {[%emt 00:00:09]} 58.
Nf4 {[%clk 00:06:09]} {[%emt 00:00:07]} Be4 {[%clk 00:00:44]} {[%emt 00:00:02]}
59. Rxf7 {[%clk 00:06:06]} {[%emt 00:00:13]} a5 {[%clk 00:00:44]} {[%emt
00:00:04]} 60. bxa5 {[%clk 00:06:03]} {[%emt 00:00:12]} b4 {[%clk 00:00:44]} 61.
axb4 {[%clk 00:05:29]} {[%emt 00:00:44]} Kb5 {[%clk 00:00:44]} {[%emt
00:00:02]} 62. g5 {[%clk 00:05:25]} {[%emt 00:00:13]} Ka6 {[%clk 00:00:44]}
{[%emt 00:00:06]} 63. g6 {[%clk 00:05:25]} {[%emt 00:00:06]} Bxg6 {[%clk
00:00:44]} {[%emt 00:00:02]} 64. Nxg6 {[%clk 00:05:25]} {[%emt 00:00:06]} Kb5
{[%clk 00:00:44]} 65. Rf5+ {[%clk 00:05:17]} {[%emt 00:00:17]} Ka6 {[%clk
00:00:44]} {[%emt 00:00:06]} 66. Rc5 {[%clk 00:05:12]} {[%emt 00:00:16]} Kb7
{[%clk 00:00:44]} {[%emt 00:00:06]} 67. Ne5 {[%clk 00:05:12]} {[%emt 00:00:08]}
Ka6 {[%clk 00:00:44]} {[%emt 00:00:02]} 68. Nc4 {[%clk 00:05:10]} {[%emt
00:00:12]} Ka7 {[%clk 00:00:44]} {[%emt 00:00:04]} 69. Rb5+ {[%clk 00:04:57]}
{[%emt 00:00:23]} Ka6 {[%clk 00:00:44]} {[%emt 00:00:04]} 70. Rb6+ {[%clk
00:04:57]} {[%emt 00:00:05]} Ka7 {[%clk 00:00:44]} {[%emt 00:00:02]} 71. Bf4
{[%clk 00:04:50]} {[%emt 00:00:16]} Ka8 {[%clk 00:00:44]} {[%emt 00:00:02]} 72.
Nd6 {[%clk 00:04:45]} {[%emt 00:00:15]} Ka7 {[%clk 00:00:44]} {[%emt 00:00:02]}
73. Nc8+ {[%clk 00:04:21]} {[%emt 00:00:34]} Ka8 {[%clk 00:00:44]} {[%emt
00:00:02]} 74. Rb8# {[%clk 00:04:21]} {[%emt 00:00:10]} 1-0

[Event "2023 National K-12 Grade Championships"]
[Site "Orlando, Florida, United States"]
[Date "2023.12.17"]
[Round "7.21"]
[White "Paragua, Megan Althea"]
[Black "Dong, Kyle Qiyu"]
[Result "1/2-1/2"]
[TimeControl "G/90;d10"]
[WhiteElo "2173"]
[BlackElo "2144"]

1. e4 {[%clk 01:25:00]} {[%emt 00:05:09]} e5 {[%clk 01:29:45]} {[%emt
00:00:26]} 2. Nf3 {[%clk 01:25:00]} {[%emt 00:00:07]} Nc6 {[%clk 01:29:43]}
{[%emt 00:00:12]} 3. d4 {[%clk 01:25:00]} {[%emt 00:00:05]} exd4 {[%clk
01:29:43]} {[%emt 00:00:08]} 4. Nxd4 {[%clk 01:25:00]} {[%emt 00:00:06]} Nf6
{[%clk 01:29:43]} {[%emt 00:00:03]} 5. Nc3 {[%clk 01:24:38]} {[%emt 00:00:31]}
Bb4 {[%clk 01:29:43]} {[%emt 00:00:04]} 6. Nxc6 {[%clk 01:24:11]} {[%emt
00:00:35]} bxc6 {[%clk 01:29:43]} {[%emt 00:00:07]} 7. Bd3 {[%clk 01:23:28]}
{[%emt 00:00:53]} O-O {[%clk 01:29:43]} {[%emt 00:00:10]} 8. O-O {[%clk
01:23:28]} {[%emt 00:00:08]} d5 {[%clk 01:29:43]} {[%emt 00:00:04]} 9. exd5
{[%clk 01:21:46]} {[%emt 00:01:49]} Bg4 {[%clk 01:29:43]} {[%emt 00:00:06]} 10.
f3 {[%clk 01:18:59]} {[%emt 00:02:57]} Bh5 {[%clk 01:29:03]} {[%emt 00:00:50]}
11. Bg5 {[%clk 01:17:48]} {[%emt 00:01:21]} cxd5 {[%clk 01:18:33]} {[%emt
00:10:40]} 12. Bxf6 {[%clk 01:16:15]} {[%emt 00:01:44]} Qxf6 {[%clk 01:18:33]}
{[%emt 00:00:05]} 13. Nxd5 {[%clk 01:15:53]} {[%emt 00:00:32]} Bc5+ {[%clk
01:17:44]} {[%emt 00:01:00]} 14. Kh1 {[%clk 01:15:28]} {[%emt 00:00:35]} Qxb2
{[%clk 01:15:25]} {[%emt 00:02:28]} 15. Rb1 {[%clk 00:51:54]} {[%emt 00:23:45]}
Qxa2 {[%clk 00:57:43]} {[%emt 00:17:52]} 16. Rb5 {[%clk 00:49:51]} {[%emt
00:02:13]} Qa3 {[%clk 00:56:36]} {[%emt 00:01:17]} 17. Rb3 {[%clk 00:46:58]}
{[%emt 00:03:03]} Qa4 {[%clk 00:56:00]} {[%emt 00:00:46]} 18. Rb5 {[%clk
00:43:39]} {[%emt 00:03:28]} Qa3 {[%clk 00:55:23]} {[%emt 00:00:48]} 19. Rb3
{[%clk 00:43:39]} {[%emt 00:00:01]} Qa4 {[%clk 00:55:11]} {[%emt 00:00:22]} 20.
Rb5 {[%emt 00:10:27]} c6 {[%clk 00:41:43]} {[%emt 00:03:18]} 21. Rxc5 {[%clk
00:37:52]} {[%emt 00:05:58]} cxd5 {[%clk 00:41:43]} {[%emt 00:00:06]} 22. Rxd5
{[%clk 00:37:06]} {[%emt 00:00:56]} Bg6 {[%clk 00:41:28]} {[%emt 00:00:25]} 23.
Qa1 {[%emt 00:08:34]} Qc6 {[%emt 00:00:05]} 24. Re5 {[%emt 00:00:15]} Qa4
{[%emt 00:00:02]} 25. Rd5 {[%emt 00:00:11]} 1/2-1/2